000 00285nam a2200121Ia 4500
005 20251222141807.0
008 251222s9999||||xx |||||||||||||| ||spa||
082 _a869.624/M86
100 _aMortensen C, Antonio
245 0 _aAl Rededor de la Llama
264 _bCervantes
942 _cLIB
999 _c6356
_d6356